000 00617nam a2200181Ia 4500
008 140424s9999 xx 000 0 und d
100 _aRiyas M.J (92311016)
245 _a"Coastal multi-hazard vulnerability assessment using geospatial techniques: A study along the central parts of Kerala coast, southwest of India"
502 _bMSGIS
502 _c2011-2013
502 _dInternal
502 _fMahendra R.S (INCOIS)
502 _g"Indian National Centre for Ocean Information Services, Hyderabad"
650 _aCOASTAL EROSION
650 _aCOASTAL HAZARDS
650 _aKERALA COAST
650 _aTSUNAMI
999 _c4365
_d4365